000 00526cab a22002055a 4500
001 L146955
008 090318e20090314xxk f 000 0 eng d
035 _a(Sirsi) u146955
041 0 _aeng
100 1 _aMorrison, Adrian
245 0 0 _aFocus
_bEdinburgh
260 _c2008
490 _aEstates Gazette
_v(0910) 14 March 2009, 87-101()
590 _aKA
651 4 _aEdinburgh
690 _aPROPERTY-COMMERCIAL PROPERTY-COMMERCIAL PROPERTY MARKET
700 1 _aSmith, Melanie
700 1 _aQuinn, David
942 _n0
999 _c81336
_d81336